000 00676nam a22001697a 4500
003 UA-OsUOA
001 17865
007 ta
008 20040330b un ||||| |||| 00| 0 ukr d
942 _cSA
040 _aUA-OsUOA
_cUA-OsUOA
_dUA-OsUOA
245 _aЄ рівненський телевізор!: [ВАТ "Рівненський радіозавод" випустив першу експеримент. партію кольор. малогабарит. перенос. телевізорів]
300 _aС.4
955 _a0
773 0 _w0
_tРівненська газета
_dРівне
_d2004
_g№4/27 лют./
650 7 _aКраєзнавча робота
_2UDC
999 _c304033
_d304033